000 00470nam a2200181Ia 4500
005 20250326141328.0
008 250326s9999 xx 000 0 und d
037 _aTextbook
040 _aFMSL
_beng
_cFMSL
041 _aeng
_2eng
084 _aX:51 N4
_qFMSL
100 _aJackson P
_9742023
245 0 _aDesk Research
_cJackson P
260 _aLondon
_bLondon, Kagan page
_c1994
300 _a142p
942 _cTB
_hX:51 N4
999 _c1289799
_d1289799